000 00645nam a2200217Ii 4500
003 JO-AjNU
008 230605s9999||||xx |||||||||||||| ||und||
017 _a2007/2/363
040 _aJO-AjNU
_bara
_erda
_cJO-AjNU
041 _aara
050 1 4 _aPJ6161 .A2334 2009
100 3 _aعباس، فضل حسن ,
_eauthor
_943295
245 0 0 _aأساليب البيان
250 _aط2
264 3 1 _aعمان: دار النفائس، 2009
300 _a399ص
336 _atext
_btxt
_2rdacontent
337 _aunmediated
_bn
_2rdamedia
338 _avolume
_bnc
_2rdacarrier
650 4 _aالبلاغة العربية - البيان 
_943296
999 _aA18603
_c22171
_d22171